| 000 | 01182nam a2200325 i 4500 | ||
|---|---|---|---|
| 001 | 170548 | ||
| 003 | ES-MaACL | ||
| 005 | 20230906214408.0 | ||
| 007 | t| | ||
| 008 | 090313s1958 sp |||| | spa d | ||
| 080 | _a236.97 | ||
| 080 | _a239 | ||
| 100 | 0 |
_aAgustín _cSanto, Obispo de Hipona. _9125563 |
|
| 245 | 1 | 3 |
_aLa ciudad de Dios / _c[San Agustín] ; edición preparada por el Padre José Morán. |
| 250 | _aEd. bilingüe. | ||
| 260 |
_aMadrid : _bBiblioteca de Autores Cristianos : _bLa Editorial Católica, _c1958. |
||
| 300 |
_aXII, 1728 p. ; _c20 cm. |
||
| 490 | 1 |
_aObras de San Agustín ; _v16-17 |
|
| 490 | 1 |
_aB.A.C. ; _v171-172. _aSección VI. _aFilosofía |
|
| 500 | _aCatálogo de los vols. de la B.A.C. en las [12] p. finales. | ||
| 546 | _aTexto en español y latín. | ||
| 597 | _a2 t. en 1 v. | ||
| 650 | 4 |
_aReino de Dios. _9139635 |
|
| 650 | 0 | 4 |
_aApologética. _99921 |
| 700 | 1 |
_aMorán, José _c(O.S.A.) _983103 |
|
| 830 | 0 |
_aObras de San Agustín ; _v16-17 _9223044 |
|
| 830 | 0 |
_aB.A.C. ; _v171-172. _aSección VI. _aFilosofía _9191901 |
|
| 852 |
_aES-MaACL _jE-12516 _z. - Biblioteca Jacinto Martínez Lacalle |
||
| 999 |
_c170548 _d170548 |
||